|
|
|
|
| LEADER |
00000cam a2200000 7i4500 |
| 001 |
0000072429 |
| 005 |
20220105104249.0 |
| 008 |
170513 |
| 020 |
|
|
|a 9789673643707
|
| 020 |
|
|
|a 9789673643813(set)
|
| 090 |
0 |
0 |
|a JP
|b ANM MAL
|
| 100 |
1 |
|
|a Shamsul Muzaffar
|
| 245 |
1 |
0 |
|a Sang Kancil dan Monyet
|c Shamsul Muzaffar
|
| 260 |
|
|
|a KL :
|b Edukid Pub. Sdn Bhd ,
|c 2017
|
| 490 |
1 |
|
|a Siri cerita teladan hutan
|
| 500 |
|
|
|a Children age 4-6 years old (yellow)
|
| 650 |
|
0 |
|a Animals
|x Fiction
|
| 650 |
|
0 |
|a Teladan dongeng
|
| 999 |
|
|
|a 0001453200
|b Book
|c Children Collection
|e Cawangan Mersing
|
| 999 |
|
|
|a 0001453201
|b Book
|c Children Collection
|e Cawangan Bandar Penawar
|
| 999 |
|
|
|a 0001453202
|b Book
|c Children Collection
|e Cawangan Tangkak
|
| 999 |
|
|
|a 0001453203
|b Book
|c Children Collection
|e Cawangan Tmn. Ungku Tun Aminah
|
| 999 |
|
|
|a 0001453205
|b Book
|c Children Collection
|e Cawangan Taman Sri Lambak
|
| 999 |
|
|
|a 0001453206
|b Book
|c Children Collection
|e Cawangan Segamat
|
| 999 |
|
|
|a 0001453207
|b Book
|c Children Collection
|e Cawangan Pontian
|
| 999 |
|
|
|a 0001453208
|b Book
|c Children Collection
|e Cawangan Kota Tinggi
|
| 999 |
|
|
|a 0001453209
|b Book
|c Children Collection
|e Cawangan Batu Pahat
|
| 999 |
|
|
|a 0001453210
|b Book
|c Children Collection
|e Cawangan Bandar Tenggara
|
| 999 |
|
|
|a 0001453211
|b Book
|c Children Collection
|e Cawangan Sri Merlong
|
| 999 |
|
|
|a 0001453212
|b Book
|c Children Collection
|e Cawangan Bukit Gambir
|
| 999 |
|
|
|a 0001453213
|b Book
|c Children Collection
|e Cawangan Taman Universiti
|
| 999 |
|
|
|a 0001453214
|b Book
|c Children Collection
|e Cawangan Taman Universiti
|
| 999 |
|
|
|a 0001453215
|b Book
|c Children Collection
|e Cawangan Taman Universiti
|
| 999 |
|
|
|a 0001453216
|b Book
|c Children Collection
|e Cawangan Taman Universiti
|
| 999 |
|
|
|a 0001453754
|b Book
|c Children Collection
|e Perbadanan Perpustakaan Awam Johor
|
| 999 |
|
|
|a 0001453755
|b Book
|c Children Collection
|e Perbadanan Perpustakaan Awam Johor
|
| 999 |
|
|
|a 0001453757
|b Book
|c Children Collection
|e Cawangan Urban Transformation Centre
|